| 000 | 00424pab a2200169 454500 | ||
|---|---|---|---|
| 008 | 180718b2007 xxu||||| |||| 00| 0 eng d | ||
| 100 | _aNguyen, Phung | ||
| 245 | _aThe census bureau and its accountability | ||
| 260 | _c2007 | ||
| 300 | _ap.226-43. | ||
| 362 | _aJun | ||
| 650 | _aAccountability | ||
| 650 | _aPopulation censues | ||
| 773 | _aAmerican Review of Public Administration | ||
| 908 | _aN | ||
| 909 | _a75211 | ||
| 999 |
_c75211 _d75211 |
||